000 00881nam a22002297a 4500
999 _c21188
_d21188
003 AR-CdUCM
008 190410b ||||| |||| 00| 0 spa d
040 _aMUNICIPALIDAD PROVINCIAL DEL CUSCO
_cBIBLIOTECA MUNICIPAL DEL CUSCO
082 _a372.12 / H56
_bH56
100 _aHinojosa Cruz, Lisbet
_944275
245 _aEvaluación auténtica y formulación de procesos de enseñanza y aprendizaje /
260 _aCusco :
_bDanny's Graff,
_c2018.
300 _a128 páginas ;
_c20 cm.
505 _aContenido: Pedagogía en enfoques de competencias -- Constructivismo desde un enfoque de competencias -- Sistema de evaluación de competencias ...
650 _aEducación
_9460
650 _aEvaluación integral
_931174
650 _aEvaluación formativa
_944097
650 _aPedagogía
_91560
710 _aSuyana Fundación
_944276
942 _2ddc
_cLIBROS
945 _aRoel